Name a Valid Animated Movie Per Year (1995-2026) - Statistics

General Stats
  • This quiz has been taken 171 times
  • The average score is 23 of 32
Answer Stats
Year Movie % Correct
2010 Tangled | Megamind | Shrek Forever After | Toy Story 3 | Mars Needs Moms | Despicable Me | How to Train Your Dragon | The Secret World of Arrietty | Tinker Bell and the Great Fairy Rescue | Legends of the Guardians: The Owls of Ga'Hoole | Alpha and Omega
96%
1995 Balto | Toy Story | Pocahontas | A Goofy Movie | The Pebble and the Penguin | Whisper of the Heart
95%
2019 The Lego Movie 2: The Second Part | The Secret Life of Pets 2 | Missing Link | Frozen II | The Lion King | Toy Story 4 | Spies in Disguise | Abominable | UglyDolls | Wonder Park | How to Train Your Dragon: The Hidden World | Klaus | The Addams Family | Pokemon: Detective Pikachu | The Angry Birds Movie 2 | Weathering with You | A Shaun the Sheep Movie: Farmageddon
95%
2013 Frozen | Monsters University | The Croods | Turbo | Epic | Despicable Me 2 | Planes | Cloudy with a Chance of Meatballs 2 | The Tale of the Princess Kaguya | The Wind Rises | The Smurfs 2 | Escape from Planet Earth
92%
2001 Monsters, Inc. | Spirited Away | Shrek | Atlantis: The Lost Empire | Osmosis Jones | Monkeybone | Waking Life | Jimmy Neutron: Boy Genius | Final Fantasy: The Spirits Within
92%
1999 The Iron Giant | Toy Story 2 | Tarzan | Fantasia 2000 | South Park: Bigger, Longer and Uncut
88%
2016 Sing | The Secret Life of Pets | Zootopia | Finding Dory | Moana | Kubo and the Two Strings | Kung Fu Panda 3 | Trolls | Ice Age: Collision Course | Storks | Sausage Party | Ratchet and Clank | The Angry Birds Movie | Your Name | The BFG | Norm of the North | Rock Dog
86%
2017 Cars 3 | The Boss Baby | Coco | Captain Underpants: The First Epic Movie | Ferdinand | Despicable Me 3 | The Lego Ninjago Movie | The Lego Batman Movie | The Star | Smurfs: The Lost Village | The Emoji Movie | The Nut Job 2: Nutty by Nature | My Little Pony: The Movie | Animal Crackers
82%
2004 Home on the Range | The Incredibles | Shark Tale | Shrek 2 | The Polar Express | Howl's Moving Castle | The SpongeBob SquarePants Movie | Team America: World Police | Teacher's Pet
82%
2011 Arthur Christmas | Cars 2 | Puss in Boots | Kung Fu Panda 2 | Rio | Winnie the Pooh | The Adventures of Tintin | From Up on Poppy Hill | Paul | Rango | The Smurfs | Happy Feet Two | Hoodwinked! Too: Hood vs. Evil
80%
2006 Flushed Away | Over the Hedge | Happy Feet | Cars | Ice Age: The Meltdown | Tales from Earthsea | Open Season | A Scanner Darkly | Everyone's Hero | Curious George | Barnyard | Monster House | The Ant Bully | Arthur and the Minimoys | Asterix and the Vikings | Hoodwinked!
80%
2009 Mary and Max | Fantastic Mr. Fox | Up | The Princess and the Frog | Ice Age: Dawn of the Dinosaurs | Monsters vs. Aliens | A Christmas Carol | Cloudy with a Chance of Meatballs | Astro Boy | Coraline | Tinker Bell and the Lost Treasure | 9 | Planet 51 | Open Season 2 | Where the Wild Things Are
80%
1998 A Bug's Life | Mulan | The Prince of Egypt | Antz | The Rugrats Movie | The Lion King 2: Simba's Pride | The Quest for Camelot
79%
2008 Dr. Seuss' Horton Hears a Who! | WALL-E | Madagascar: Escape 2 Africa | Bolt | Kung Fu Panda | Ponyo | Tinker Bell | Space Chimps | The Tale of Despereaux | Star Wars: The Clone Wars | Igor
76%
2015 Strange Magic | Inside Out | The Good Dinosaur | Home | Anomalisa | Minions | The Peanuts Movie | Hotel Transylvania 2 | The SpongeBob Movie: Sponge Out of Water | The Little Prince | Pixels | Goosebumps | Shaun the Sheep Movie
76%
2012 Rise of the Guardians | Wreck-It Ralph | Brave | Madagascar 3: Europe's Most Wanted | Frankenweenie | The Pirates! Band of Misfits | ParaNorman | Ice Age: Continental Drift | Dr. Seuss' The Lorax | Secret of the Wings | Hotel Transylvania | Open Season 3
74%
2003 Brother Bear | Sinbad: Legend of the Seven Seas | Finding Nemo | Looney Tunes: Back in Action | Rugrats Go Wild
73%
2014 How to Train Your Dragon 2 | Mr. Peabody and Sherman | The Book of Life | The Boxtrolls | Big Hero 6 | Planes: Fire and Rescue | The Pirate Fairy | Rio 2 | The Lego Movie | Tinker Bell and the Legend of the NeverBeast | Penguins of Madagascar | The Nut Job | When Marnie Was There
73%
2007 Meet the Robinsons | Ratatouille | Bee Movie | Shrek the Third | Beowulf | The Simpsons Movie | TMNT | Surf's Up | Persepolis | Battle for Terra
70%
2021 Sing 2 | Raya and the Last Dragon | Encanto | The Boss Baby: Family Business | Ron's Gone Wrong | Luca | Marcel the Shell with Shoes On | Paw Patrol: The Movie | Spirit: Untamed | The Mitchells vs. the Machines | Space Jam: A New Legacy | The Addams Family 2 | Rumble | Vivo | Wish Dragon | My Little Pony: A New Generation | America: The Motion Picture
69%
2002 Ice Age | Spirit: Stallion of the Cimarron | Lilo and Stitch | Treasure Planet | Adam Sandler's Eight Crazy Nights | The Wild Thornberrys Movie | Hey Arnold! The Movie | Peter Pan in Return to Neverland | The Cat Returns
68%
2024 Orion and the Dark | The Wild Robot | Kung Fu Panda 4 | Despicable Me 4 | The Garfield Movie | Moana 2 | Mufasa: The Lion King | Inside Out 2 | Wallace and Gromit: Vengeance Most Fowl | Memoirs of a Snail | Thelma the Unicorn | IF | The Day the Earth Blew Up: A Looney Tunes Movie | Piece by Piece | Saving Bikini Bottom: The Sandy Cheeks Movie | Transformers One | The Tiger's Apprentice | Spellbound | Harold and the Purple Crayon | The Lord of the Rings: The War of the Rohirrim | Ultraman: Rising | That Christmas
66%
2026 Hoppers | Toy Story 5 | Ice Age 6 | The Super Mario Bros. Movie 2 | Minions 3 | Shrek 5 | LarryBoy | Coyote vs. Acme | Paw Patrol: The Dino Movie | Teenage Mutant Ninja Turtles: Mutant Mayhem 2 | Goat | Spider-Man: Beyond the Spider-Verse | The Cat in the Hat | The Angry Birds Movie 3
64%
2005 Robots | Chicken Little | Wallace and Gromit: The Curse of the Were-Rabbit | Madagascar | Corpse Bride
64%
2020 Onward | Soul | The Croods: A New Age | Trolls: World Tour | The Willoughbys | The SpongeBob Movie: Sponge on the Run | Scoob! | Over the Moon
62%
2023 Nimona | Wish | Spider-Man: Across the Spider-Verse | The Super Mario Bros. Movie | Migration | Elemental | Trolls: Band Together | Chicken Run: Dawn of the Nugget | Ruby Gillman, Teenage Kraken | The Boy and the Heron | Paw Patrol: The Mighty Movie | Leo | Strays | Teenage Mutant Ninja Turtles: Mutant Mayhem | Under the Boardwalk | The Magician's Elephant
60%
2025 Dog Man | Wildwood | Elio | Zootopia 2 | A Minecraft Movie | The Ark and the Aardvark | The King of Kings | Animal Friends | The Bad Guys 2 | Gabby's Dollhouse: The Movie | Plankton: The Movie | The SpongeBob Movie: Search for SquarePants | Smurfs | Aang: The Last Airbender | Pookoo | The Twits | In Your Dreams | Animal Farm | Sneaks
58%
2018 Incredibles 2 | Ralph Breaks the Internet | Spider-Man: Into the Spider-Verse | Teen Titans GO! To the Movies | Smallfoot | Dr. Seuss' the Grinch | Isle of Dogs | Early Man | Hotel Transylvania 3: Summer Vacation | Sherlock Gnomes | Goosebumps 2: Haunted Halloween | Ready Player One | Duck Duck Goose
58%
2022 Lightyear | Strange World | Turning Red | Guillermo del Toro's Pinocchio | Puss in Boots: The Last Wish | Chip 'n Dale: Rescue Rangers | Wendell and Wild | Apollo 10 1/2: A Space Age Childhood | The Bob's Burgers Movie | The Bad Guys | The Sea Beast | Minions: The Rise of Gru | Hotel Transylvania: Transformania | Paws of Fury: The Legend of Hank | Luck | Suzume | DC League of Super-Pets
53%
2000 Titan A.E. | The Emperor's New Groove | Dinosaur | The Road to El Dorado | Joseph: King of Dreams | Chicken Run | The Adventures of Rocky and Bullwinkle | Rugrats in Paris: The Movie
50%
1997 Hercules | Anastasia | Princess Mononoke | Cat's Don't Dance
47%
1996 The Hunchback of Notre Dame | James and the Giant Peach | Beavis and Butt-Head Do America | Space Jam | All Dogs Go to Heaven 2
40%
No matching quizzes found
Score Distribution
Percent of People with Each Score
Percentile by Number Answered
Your Score History
You have not taken this quiz